000 00442nam a22001817a 4500
003 MPLRDC
005 20220104124121.0
008 210129b ||||| |||| 00| 0 eng d
082 _a868.71 SB
100 _a诗葆
245 _a祭品
_c
250 _a初版
260 _a
_b南风出版社
_c1985
300 _b
490 _a大马福联会暨雪兰莪福建会馆资助丛书
650 _a马华文学
942 _cBK
_o868.71 SB
999 _c16770
_d16760